Khusyuk : daripada perspektif pengurusan organisasi

Bibliographic Details
Main Author: M.Z.Amie
Format: Book
Published: Kuala Lumpur : Utusan publication&distributors , 2004
Series:Siri pengurusan dan pentadbiran utusan
Subjects:

MARC

LEADER 00000cam a2200000 7i4500
001 0000014482
005 20080303.0
008 080303
020 |a 9676116068 
090 0 0 |a 658   |b MZA 
100 0 |a M.Z.Amie 
245 1 0 |a Khusyuk :   |b daripada perspektif pengurusan organisasi   |c M.Z.Azmie 
260 |a Kuala Lumpur :   |b Utusan publication&distributors ,   |c 2004 
440 |a Siri pengurusan dan pentadbiran utusan 
650 0 |a Organizational behavior-religious aspects   |x Islam 
650 0 |a Organizational effectiveness 
650 0 |a Organization-management 
999 |a 0001010833   |b Book   |c Adult Collection   |e Perbadanan Perpustakaan Awam Johor 
999 |a 0001034474   |b Book   |c Adult Collection   |e Desa - PPAJ 
999 |a 0001034477   |b Book   |c Adult Collection   |e Desa - PPAJ 
999 |a 0001257698   |b Book   |c Adult Collection   |e Cawangan Bandar Tenggara 
999 |a 0001279593   |b Book   |c Adult Collection   |e Perbadanan Perpustakaan Awam Johor 
999 |a 0001279594   |b Book   |c Adult Collection   |e Perbadanan Perpustakaan Awam Johor 
999 |a 0001279595   |b Book   |c Adult Collection   |e Perbadanan Perpustakaan Awam Johor